000 01211cam a22003497a 4500
003 CHAP
005 20220329142347.0
008 000927d2000 mx o r 00110 spa d
010 _a82359
011 _a83331
035 _a93842
040 _cCHAP
090 _aTesis
100 0 0 _aEspinosa Cruz, Emigdio.
_937911
245 1 0 _aEfecto del nivel energético de la dieta sobre la calidad del canal en ovinos
_c/por Emigdio Espinosa Cruz
260 _aChapingo, Méx. :
_bEl autor,
_c2000.
300 _a104 h: :
_bfotogs., cuads., gráfs.
502 _aTesis (Ing. Agr. Esp. en Zootecnia) -- UACH. Departamento de Zootecnia
590 _aALEPH
_b10
_c20130110
_lUCH01
_h1437
590 _aBATCH-UPD
_b10
_c20130110
_lUCH01
_h0453
590 _aBATCH-UPD
_b10
_c20130410
_lUCH01
_h0131
590 _aBATCH-UPD
_b10
_c20130914
_lUCH01
_h0847
590 _aCONVERSION
_b10
_c20130109
_lUCH01
_h1346
650 1 4 _aCarne de borrego en canal.
_919123
650 1 4 _aCarne
_xCalidad.
_919064
650 1 4 _aGanado lanar
_xAlimentación.
_945153
901 _aBK
905 _aEdna Luz
942 _cFOLL
949 _bBC
_cTES
_d33724000805818
_eTS2
_fc.2
_h37012
_i93842
_sb
949 _bBC
_cTES
_d938421
_eTS1
_h37011
_i93842
_sb
999 _c82359
_d82359